[Event "Caribbean Carnival U20"]
[Site "Port of Spain"]
[Date "2015.08.09"]
[Round "1.2"]
[White "Issa, Elias"]
[Black "Johnson, Joshua"]
[Result "0-1"]
[WhiteElo "1566"]
[BlackElo "2219"]
[PlyCount "56"]
[EventDate "2015.08.09"]
[EventType "swiss"]
[EventRounds "7"]
[EventCountry "TRI"]
[SourceTitle "EXT 2024"]
[Source "ChessBase"]
[SourceDate "2023.10.10"]
[SourceVersion "1"]
[SourceVersionDate "2023.10.10"]
[SourceQuality "1"]

1. e4 e5 2. Nf3 Nc6 3. Bb5 g6 4. d3 Bg7 5. c3 Nge7 6. 0-0 0-0 7. Re1 a6 8. Ba4 b5 9. Bc2 h6 10. a4 Rb8 11. Nbd2 d5 12. axb5 axb5 13. Nb3 d4 14. cxd4 exd4 15. Nc5 Qd6 16. Nb3 Be6 17. e5 Qd5 18. Bf4 g5 19. Bg3 g4 20. Nfd2 Nxe5 21. Na5 N7g6 22. Ne4 c5 23. Bb3 c4 24. dxc4 bxc4 25. Nxc4 Nxc4 26. Bxb8 Rxb8 27. Nd2 Rxb3 28. Nxb3 Nxb2 0-1

[Event "Pan American-ch U14 24th"]
[Site "Pocos de Caldas"]
[Date "2013.07.29"]
[Round "5.16"]
[White "Christie Rodriguez, Ian"]
[Black "Issa, Elias"]
[Result "1/2-1/2"]
[WhiteElo "1609"]
[BlackElo "1579"]
[PlyCount "62"]
[EventDate "2013.07.25"]
[EventType "swiss"]
[EventRounds "9"]
[EventCountry "BRA"]
[SourceTitle "EXT 2016"]
[Source "ChessBase"]
[SourceDate "2015.10.08"]
[SourceVersion "1"]
[SourceVersionDate "2015.10.08"]
[SourceQuality "1"]

1. e4 c5 2. Nf3 Nc6 3. d4 cxd4 4. Nxd4 g6 5. Be3 Bg7 6. c4 Qa5+ 7. Nc3 Nf6 8. f3 0-0 9. Qd2 d6 10. Nxc6 bxc6 11. Bd3 Rb8 12. Rc1 Be6 13. 0-0 Nd7 14. b3 Ne5 15. Be2 c5 16. Nd5 Qd8 17. Bh6 Nc6 18. Bxg7 Kxg7 19. Rfd1 Bxd5 20. exd5 Nd4 21. f4 a5 22. Rc3 Qd7 23. Rg3 a4 24. Rb1 axb3 25. axb3 Rb4 26. Bg4 f5 27. Bd1 Rfb8 28. h4 Rxc4 29. h5 Kf6 30. Qf2 e6 31. Rg5 Qf7 1/2-1/2

[Event "Kingston Wheeler op"]
[Site "Kingston"]
[Date "2013.05.25"]
[Round "3"]
[White "Issa, Elias"]
[Black "Myers, Peter"]
[Result "1/2-1/2"]
[WhiteElo "1573"]
[BlackElo "1995"]
[PlyCount "110"]
[EventDate "2013.05.25"]
[EventType "swiss"]
[EventRounds "5"]
[EventCountry "JAM"]
[SourceTitle "EXT 2015"]
[Source "ChessBase"]
[SourceDate "2014.11.20"]
[SourceVersion "1"]
[SourceVersionDate "2014.11.20"]
[SourceQuality "1"]

1. e4 e5 2. Nf3 Nf6 3. Nxe5 d6 4. Nf3 Nxe4 5. Nc3 Nf6 6. d4 Be7 7. Bf4 Bf5 8. Qd2 Nc6 9. 0-0-0 Nb4 10. Bb5+ c6 11. Ba4 Qa5 12. Bb3 Be6 13. Bxe6 fxe6 14. Kb1 Nfd5 15. a3 Na6 16. Nxd5 Qxd2 17. Rxd2 exd5 18. Re1 Kd7 19. Rde2 Bf6 20. Re6 Be5 21. Bxe5 dxe5 22. R6xe5 Rae8 23. Rxe8 Rxe8 24. Rxe8 Kxe8 25. c3 Nc7 26. Kc2 Ne6 27. g3 Ke7 28. Kd2 Kd6 29. b4 b6 30. h4 c5 31. dxc5+ bxc5 32. Ng5 cxb4 33. cxb4 Nf8 34. Kd3 h6 35. Nf7+ Ke7 36. Ne5 Kd6 37. f4 Ne6 38. a4 a6 39. Nf3 Nf8 40. f5 Nd7 41. Kd4 Nb6 42. a5 Nc4 43. g4 Na3 44. g5 hxg5 45. hxg5 Nc2+ 46. Kc3 Ne3 47. f6 gxf6 48. gxf6 Ke6 49. Kd3 Ng4 50. b5 Nxf6 51. bxa6 Ne8 52. Nd4+ Kd7 53. Nb5 Nc7 54. Nxc7 Kxc7 55. Kd4 Kb8 1/2-1/2